[Event "Moscow Rector Cup"]
[Site "Moscow"]
[Date "2006.07.13"]
[Round "14"]
[White "Moiseenko, Vladimir"]
[Black "Cherniy, Evgeniy A"]
[Result "1-0"]
[WhiteElo "2151"]
[BlackElo "1939"]
[PlyCount "109"]
[EventDate "2006.07.02"]
[EventType "tourn"]
[EventRounds "15"]
[EventCountry "RUS"]
[SourceTitle "EXT 2008"]
[Source "ChessBase"]
[SourceDate "2007.11.25"]
[SourceVersion "1"]
[SourceVersionDate "2007.11.25"]
[SourceQuality "1"]

1. e4 e5 2. Nf3 Nf6 3. Nxe5 d6 4. Nf3 Nxe4 5. d4 d5 6. Bd3 Nc6 7. 0-0 Be7 8. c4 Nf6 9. Nc3 0-0 10. cxd5 Nxd5 11. Re1 Be6 12. a3 Bf6 13. Be4 Rb8 14. Qd3 h6 15. Bh7+ Kh8 16. Bf5 Nxd4 17. Nxd4 Bxd4 18. Qxd4 Nxc3 19. Qxc3 Bxf5 20. Bxh6 f6 21. Rad1 Qc8 22. Re7 Rg8 23. Rxc7 Qf8 24. Be3 a6 25. Qa5 Bh7 26. Rdd7 Rd8 27. Rxb7 Rxd7 28. Rxd7 Qc8 29. Rc7 Qd8 30. h3 Qd1+ 31. Kh2 Qd6+ 32. g3 Rd8 33. Ra7 Rb8 34. b4 Qc6 35. Qxa6 Qxa6 36. Rxa6 Be4 37. Bc5 Rd8 38. a4 Rd1 39. g4 g5 40. f3 Bxf3 41. Rxf6 Rd2+ 42. Kg1 Be4 43. Re6 Bd5 44. Rg6 Bb3 45. a5 Rd1+ 46. Kf2 Rd5 47. a6 Kh7 48. Rd6 Rxd6 49. Bxd6 Bc4 50. a7 Bd5 51. b5 Kg6 52. Be7 Bb7 53. b6 Bc6 54. Ke3 Bb7 55. Kd4 1-0

[Event "Moscow Rector Cup"]
[Site "Moscow"]
[Date "2006.07.11"]
[Round "12"]
[White "Alexandrova, Varvara"]
[Black "Cherniy, Evgeniy A"]
[Result "1-0"]
[WhiteElo "2212"]
[BlackElo "1939"]
[PlyCount "105"]
[EventDate "2006.07.02"]
[EventType "tourn"]
[EventRounds "15"]
[EventCountry "RUS"]
[SourceTitle "EXT 2008"]
[Source "ChessBase"]
[SourceDate "2007.11.25"]
[SourceVersion "1"]
[SourceVersionDate "2007.11.25"]
[SourceQuality "1"]

1. c4 Nf6 2. Nc3 e6 3. d4 Bb4 4. Qc2 0-0 5. Bg5 c5 6. dxc5 Bxc5 7. e3 Nc6 8. Bd3 Nb4 9. Qb1 Nxd3+ 10. Qxd3 Be7 11. Nf3 a6 12. a4 b6 13. Rd1 Qc7 14. Bf4 Qc6 15. 0-0 Bb7 16. b3 Rfd8 17. Bd6 Bxd6 18. Qxd6 Qxd6 19. Rxd6 Bc6 20. Ne5 Ne8 21. Rd2 Kf8 22. Rfd1 Ke7 23. e4 f6 24. Nd3 Nd6 25. f3 Nb7 26. b4 d6 27. Kf2 Be8 28. Rc1 Rac8 29. Nf4 Bf7 30. Nce2 Rc7 31. Rc3 Rdc8 32. Rdc2 Be8 33. Nd4 Bxa4 34. Ndxe6 Rd7 35. Rc1 g5 36. Nd5+ Kxe6 37. Nxb6 Rdc7 38. Nxa4 Rc6 39. b5 axb5 40. cxb5 Rxc3 41. Rxc3 Ra8 42. Rc4 Ra5 43. Nc3 Nc5 44. b6 Ra6 45. Nd5 Ra2+ 46. Kg3 f5 47. Nc7+ Ke5 48. exf5 Rb2 49. f6 Kxf6 50. Rd4 Ke5 51. Rd5+ Kf6 52. Rxd6+ Ke7 53. Rh6 1-0

[Event "Moscow Rector Cup"]
[Site "Moscow"]
[Date "2006.07.08"]
[Round "8"]
[White "Ivanov, Pavel"]
[Black "Cherniy, Evgeniy A"]
[Result "1-0"]
[WhiteElo "2244"]
[BlackElo "1939"]
[PlyCount "47"]
[EventDate "2006.07.02"]
[EventType "tourn"]
[EventRounds "15"]
[EventCountry "RUS"]
[SourceTitle "EXT 2008"]
[Source "ChessBase"]
[SourceDate "2007.11.25"]
[SourceVersion "1"]
[SourceVersionDate "2007.11.25"]
[SourceQuality "1"]

1. e4 e5 2. Nf3 Nf6 3. d4 Nxe4 4. Bd3 d5 5. Nxe5 Bd6 6. 0-0 0-0 7. c4 Nc6 8. Nxc6 bxc6 9. c5 Be7 10. Nc3 Bf6 11. Qc2 Bxd4 12. Nxe4 dxe4 13. Bxe4 Ba6 14. Rd1 Bxf2+ 15. Kxf2 Qh4+ 16. g3 Qxh2+ 17. Bg2 Qh5 18. Bf4 Rab8 19. Rd2 Rb5 20. Rc1 Ra5 21. b3 Bc8 22. Kg1 Bf5 23. Qc3 Ra6 24. Bf1 1-0

[Event "Moscow Rector Cup"]
[Site "Moscow"]
[Date "2006.07.06"]
[Round "6"]
[White "Vidyakin, Boris A"]
[Black "Cherniy, Evgeniy A"]
[Result "1/2-1/2"]
[WhiteElo "2155"]
[BlackElo "1939"]
[PlyCount "153"]
[EventDate "2006.07.02"]
[EventType "tourn"]
[EventRounds "15"]
[EventCountry "RUS"]
[SourceTitle "EXT 2008"]
[Source "ChessBase"]
[SourceDate "2007.11.25"]
[SourceVersion "1"]
[SourceVersionDate "2007.11.25"]
[SourceQuality "1"]

1. d4 g6 2. e4 Bg7 3. c4 d6 4. Nc3 Nc6 5. Be3 e5 6. d5 Nd4 7. Nge2 Bg4 8. f3 Bxf3 9. gxf3 Nxf3+ 10. Kf2 Qf6 11. Bg2 Nh4+ 12. Kg1 Bh6 13. Qd2 Qf3 14. Bxf3 Nxf3+ 15. Kf2 Nxd2 16. b3 f5 17. exf5 gxf5 18. Rhg1 0-0-0 19. Bxh6 Nxh6 20. Ke3 Ne4 21. Nxe4 fxe4 22. Raf1 Rdf8 23. Kxe4 a6 24. b4 Rxf1 25. Rxf1 Rg8 26. Kd3 Kd7 27. Rf6 Rg6 28. Rxg6 hxg6 29. a4 Ng4 30. h4 Nf2+ 31. Kd2 b6 32. a5 bxa5 33. bxa5 Ne4+ 34. Ke3 Nc5 35. Nc1 Ke7 36. Kf3 Kf6 37. Kg4 Ne4 38. Nd3 Nd2 39. c5 Nb3 40. cxd6 cxd6 41. Nb4 Nxa5 42. Nxa6 Nc4 43. Nb4 Ne3+ 44. Kf3 Nf5 45. Kg4 Ne7 46. h5 gxh5+ 47. Kxh5 Kf5 48. Kh4 Ke4 49. Nc6 Nxd5 50. Kg3 Nc3 51. Kf2 d5 52. Ke1 d4 53. Kd2 Kd5 54. Nb4+ Kc4 55. Nc6 e4 56. Ne5+ Kd5 57. Ng4 Kd6 58. Kc2 Nd5 59. Nf2 e3 60. Ng4 Nb4+ 61. Kd1 Kd5 62. Ke2 Ke4 63. Nf6+ Ke5 64. Ng4+ Kf4 65. Nf6 d3+ 66. Kd1 Nc2 67. Nd5+ Kf3 68. Nc3 e2+ 69. Nxe2 dxe2+ 70. Kxc2 e1Q 71. Kd3 Qe2+ 72. Kd4 Qe4+ 73. Kc3 Qd5 74. Kc2 Ke3 75. Kc3 Qd4+ 76. Kb3 Kd2 77. Ka2 1/2-1/2